قر و ن و سطی کے مسلما نو ن کے سا ئنسی کا ر نا مے (Record no. 163528)

MARC details
000 -LEADER
fixed length control field 00857nam a22001937a 4500
005 - DATE AND TIME OF LATEST TRANSACTION
control field 20190423110824.0
010 ## - LCCN (DPL NO)
LC control number UR-10029
020 ## - INTERNATIONAL STANDARD BOOK NUMBER
Terms of availability 230.00
International Standard Book Number 8180884047
035 ## - SYSTEM CONTROL NUMBER
System control number U-8584
037 ## - SOURCE OF ACQUISITION
Source of stock number/acquisition DBAD/PUB
100 ## - MAIN ENTRY--PERSONAL NAME
Personal name ڈ ا کٹر غلا م قا د ر لو ن
245 ## - TITLE STATEMENT
Title قر و ن و سطی کے مسلما نو ن کے سا ئنسی کا ر نا مے
Statement of responsibility, etc ڈ ا کٹر غلا م قا د ر لو ن
246 ## - VARYING FORM OF TITLE
Remainder of title Qurun-e-Wusta ke Musalmanon ke sciencei karname(Urdu)
Title proper/short title by Dr. Gulam Qadir Lone
260 ## - PUBLICATION, DISTRIBUTION, ETC. (IMPRINT)
Place of publication, distribution, etc New Delhi
Name of publisher, distributor, etc Merkazi Maktaba Islami Publishers
Date of publication, distribution, etc 2014
270 ## - ADDRESS
Address D-307,Dawat Nagar,Abulfazal Enclave,Jamia Ngr.
City New Delhi
Postal code 110025
Telephone number 26971652
Fax number -
300 ## - PHYSICAL DESCRIPTION
Extent 447ص
Dimensions 22 Cm.(bk)
500 ## - GENERAL NOTE
General note دو حصہ
942 ## - ADDED ENTRY ELEMENTS (KOHA)
Source of classification or shelving scheme Dewey Decimal Classification
Item type Urdu Bks
Classification part 270
Call number suffix غ ل ا
Holdings
Withdrawn status Lost status Not for loan Collection code Home library Current library Date acquired Source of acquisition Cost, normal purchase price Full call number Barcode Copy number Cost, replacement price Koha item type
    Not For Loan Non-fiction D.B.Act.Division D.B.Act.Division 23/04/2019 DBAD/PUB 230.00 270 غ ل ا U-8584 1 230.00 Urdu Bks

© Delhi Public Library
Hit Counter
free hit counter